Sports Quiz

Random Sports or World Cup Quiz
Score 0/213 Timer 20:00
1 Play Today
Biathlete % Correct
Emil Hegle Svendsen
86.8%
Tarjei Boe
84.2%
Simon Fourcade
81.6%
Martin Fourcade
81.6%
Anton Shipulin
76.3%
Jakov Fak
68.4%
Lukas Hofer
68.4%
Arnd Peiffer
68.4%
Ondrej Moravec
65.8%
Dominik Landertinger
65.8%
Simon Schempp
65.8%
Lars Berger
65.8%
Jean-Guillaume Beatrix
63.2%
Simon Eder
63.2%
Erik Lesser
63.2%
Michael Greis
63.2%
Fredrik Lindstrom
60.5%
Andreas Birnbacher
60.5%
Ole Einar Bjoerndalen
60.5%
Zhonghai Li
57.9%
Christoph Sumann
57.9%
Tim Burke
55.3%
Benjamin Weger
55.3%
Michal Slesingr
55.3%
Carl Johan Bergman
55.3%
Bjorn Ferry
55.3%
Lowell Bailey
52.6%
Dominik Windisch
52.6%
Markus Windisch
52.6%
Evgeny Ustyugov
52.6%
Krasimir Anev
50%
Klemen Bauer
50%
Dmitry Malyshko
50%
Evgeny Garanichev
50%
Jaroslav Soukup
47.4%
Alexis Boeuf
47.4%
Vincent Jay
47.4%
Alexander Os
47.4%
Serhiy Semenov
44.7%
Julian Eberhard
42.1%
Tobias Eberhard
42.1%
Daniel Mesotitsch
42.1%
Alexey Volkov
42.1%
Andrei Makoveev
42.1%
Serguei Sednev
39.5%
Tomasz Sikora
36.8%
Timofey Lapshin
36.8%
Daniel Graf
36.8%
Florian Graf
36.8%
Benedikt Doll
34.2%
Andriy Deryzemlya
31.6%
Lars Helge Birkeland
31.6%
Nathan Smith
28.9%
Vladimir Iliev
28.9%
Zdenek Vitek
28.9%
Michael Roesch
28.9%
Jean-Philippe Leguellec
26.3%
Friedrich Pinter
26.3%
Kauri Koiv
23.7%
Roland Lessing
23.7%
Matej Kazar
23.7%
Sergey Novikov
23.7%
Scott Gow
21.1%
Leif Nordgren
21.1%
Roman Pryma
21.1%
Artem Pryma
21.1%
Christian De Lorenzi
21.1%
Tobias Arwidson
21.1%
Lucien Sloof
18.4%
Joel Sloof
18.4%
Lee-Steve Jackson
18.4%
Biathlete % Correct
Brendan Green
18.4%
Andrejs Rastorguevs
18.4%
Pavol Hurajt
18.4%
Vladimir Chepelin
18.4%
Ted Armgren
18.4%
Thierry Langer
15.8%
Pascal Langer
15.8%
Thorsten Langer
15.8%
Jay Hakkinen
15.8%
Timo Antila
15.8%
Ilmars Bricis
15.8%
Simon Hallenbarter
15.8%
Miroslav Matiasko
15.8%
Olexander Bilanenko
15.8%
Lois Habert
15.8%
Magnus Jonsson
15.8%
Henrik L'abee - Lund
15.8%
Marcel Laponder
13.2%
Russell Currier
13.2%
Michail Kletcherov
13.2%
Ahti Toivanen
13.2%
Jarkko Kauppinen
13.2%
Michal Krcmar
13.2%
Remus Faur
10.5%
Tomas Kaukenas
10.5%
Damir Rastic
10.5%
Kevin Kane
10.5%
Hidenori Isa
10.5%
Indrek Tobreluts
10.5%
Lukasz Szczurek
10.5%
Mario Dolder
10.5%
Evgeny Abramenko
10.5%
Frode Andresen
10.5%
Martin Eng
10.5%
Rune Brattsveen
10.5%
Manuel Fernandez Musso
7.9%
Milanko Petrovic
7.9%
Long Ren
7.9%
Chengye Zhang
7.9%
Edgars Piksons
7.9%
Ivan Joller
7.9%
Peter Dokl
7.9%
Janez Maric
7.9%
Tomas Holubec
7.9%
Florent Claude
7.9%
Christoffer Eriksson
7.9%
Sven Grosseger
7.9%
Alexei Almoukov
5.3%
In-Bok Lee
5.3%
Haibin Chen
5.3%
Kazuya Inomata
5.3%
Junji Nagai
5.3%
Anton Pantov
5.3%
Yan Savitskiy
5.3%
Marc-Andre Bedard
5.3%
Scott Perras
5.3%
Martin Remmelg
5.3%
Danil Steptsenko
5.3%
Rolands Puzulis
5.3%
Vasja Rupnik
5.3%
Martin Otcenas
5.3%
Dusan Simocko
5.3%
Yuryi Liadov
5.3%
Rene Laurent Vuillermoz
5.3%
Sergey Klyachin
5.3%
Maxim Burtasov
5.3%
Ahmet Ustuntas
2.6%
Tomislav Crnkovic
2.6%
Herbert Cool
2.6%
Oystein Slettemark
2.6%
Stefan Gavrila
2.6%
Biathlete % Correct
Karol Dombrovski
2.6%
Karolis Zlatkauskas
2.6%
Pete Beyer
2.6%
Jongmin Kim
2.6%
Yongguy Kim
2.6%
Je-Uk Jun
2.6%
Mikito Tachizaki
2.6%
Alexandr Trifonov
2.6%
Sergey Naumik
2.6%
Ivan Zlatev
2.6%
Miroslav Kenanov
2.6%
Matti Hakala
2.6%
Priit Viks
2.6%
Rafal Lepel
2.6%
Christian Stebler
2.6%
Claudio Bockli
2.6%
Lukas Kristejn
2.6%
Vladimir Alenishko
2.6%
Oleg Berezhnoy
2.6%
Mattia Cola
2.6%
Ronny Hafsas
2.6%
Anuzar Yunusov
0%
Orhangazi Civil
0%
Samuel Pulido Serrano
0%
Pedro Quintana Arias
0%
Victor Pinzaru
0%
Stefan Lopatic
0%
Nemanja Kosarac
0%
Gjorgji Icoski
0%
Darko Damjanovski
0%
Jurica Veverec
0%
Dino Butcovic
0%
Zvonimir Tadejevic
0%
Vincent Naveau
0%
Kleanthis Karamichas
0%
Athanassios Tsakiris
0%
Aqqaluartaa Olsen
0%
Dyllan Harmer
0%
Laurentiu Vamanu
0%
Roland Gerbacea
0%
Milan Szabo
0%
Istvan Muskatal
0%
Karoly Gombos
0%
Aleksandr Lavrinovic
0%
Dejan Krsmanovic
0%
Emir Hrkalovic
0%
Edin Hodzic
0%
Ben Wooley
0%
Carl Gibson
0%
Ryo Tsunoda
0%
Sho Wakamatsu
0%
Alexsandr Chervyhkov
0%
Vasil Chorbadzhiev
0%
Martin Bogdanov
0%
Janne Kantanen
0%
Sami Orpana
0%
Ville Simola
0%
Marcis Paeglitis
0%
Arturs Kolesnikovs
0%
Toms Praulitis
0%
Janis Berzins
0%
Adam Kwak
0%
Grzegorz Bril
0%
Krzysztof Plywaczyk
0%
Simon Kocevar
0%
Aliaksandr Babchyn
0%
Mykhaylo Serdyuk
0%
Daniel Taschler
0%
Christian Martinelli
0%
Gabriel Stegmayr
0%
Victor Vasilyev
0%

You're not logged in!

Compare scores with friends on all Sporcle quizzes.
OR
Log In

Sporcle TV

Today on Sporcle TV


Watch our educational content, quiz creation guides, and fun videos on Sporcle TV.

Show Comments

Extras

Top Quizzes Today


Score Distribution

Paid Content

Your Account Isn't Verified!

In order to create a playlist on Sporcle, you need to verify the email address you used during registration. Go to your Sporcle Settings to finish the process.

Report this User

Report this user for behavior that violates our Community Guidelines.

Details: